00305nam a2200121Ia 4500008004100000020002200041041000800063082002400071100001400095245002800109260003700137300000900174230403s9999 xx 000 0 und d a978-93-5465-469-5 aeng aF/610.73/CLE/B10111 aClement I aNursing Foundation - II bJaypee BrothersaNew Delhic2022 a646P